01178nam a2200193 a 450000100100000000500170001000800410002702000180006804000250008604100150011124503830012624601910050926000910070030000330079149000250082454600370084950400730088683000250095900004325020201002040746.0140303s2009 sp 000 0 spa d a9788483471050 aDO-SdBNPbspacBNPHU17aspa.halb.00aArberia-Sefarad :ben el espejo del otro, las relaciones entre Skanderbeg y la corona de Aragón y las experiencias paralelas de los Sefardíes y los Arberesh =Arbëria-Sefaradi: në pasqyrën e tjetrit : marrëdhëniet ndërmjet Skënderbeut dhe Kuröres së Aragonës dhe eksperiencat paralele të sefardive dhe të arbëreshëve /cManuel Montobbio, [et al.].10aArbëria-Sefaradi : në pasqyrën e tjetrit : marrëdhëniet ndërmjet Skënderbeut dhe Kuröres së Aragonës dhe eksperiencat paralele të sefardive dhe të arbëreshëve aMadrid :bAgencia Española de Cooperación Internacional para el Desarrollo,c2009. a177 p. :bil.,+CD. ;c24 cm.1 aCiencias y humanismo atextos en castellano y albanès aIncluye referencias bibliográficas y notas al pie de las páginas 0aCiencias y humanismo